Countries that have hosted Volleyball World Championships - Statistics

General Stats
  • This quiz has been taken 107 times
  • The average score is 11 of 15
Answer Stats
Continent Country % Correct
South America Brazil
94%
Europe Italy
91%
Asia Japan
90%
Asia China
87%
Asia/ Europe Russia
87%
South America Argentina
84%
Europe Germany
83%
Europe Poland
82%
Europe France
80%
North America Mexico
73%
South America Peru
58%
Europe Bulgaria
52%
Europe the Netherlands
51%
Europe Greece
34%
Europe Czech Republic
30%
No matching quizzes found
Score Distribution
Percent of People with Each Score
Percentile by Number Answered
Your Score History
You have not taken this quiz